| 000 | 00502nam a2200181Ia 4500 | ||
|---|---|---|---|
| 999 |
_c29296 _d29296 |
||
| 003 | OSt | ||
| 005 | 20210101112952.0 | ||
| 008 | 190216s9999||||xx |||||||||||||| ||und|| | ||
| 020 | _a9788182645523 | ||
| 040 | _coclc | ||
| 082 |
_a954.83 _bJOH/W |
||
| 100 |
_aJohnny, O K _97090 |
||
| 245 | 0 |
_aWayanad Rekhakal / _cO K Johnny |
|
| 260 |
_bGrassroots, _aKozhikode: _c2007. |
||
| 300 | _a256p | ||
| 650 | _aMalayalam Charithram | ||
| 942 |
_cBK _2ddc _h954.83 _iJOH/W _k954.83 _mJOH/W |
||